| 000 | 00575nam a2200181Ia 4500 | ||
|---|---|---|---|
| 999 |
_c32413 _d32413 |
||
| 003 | OSt | ||
| 005 | 20201014100858.0 | ||
| 008 | 190216s9999||||xx |||||||||||||| ||und|| | ||
| 020 | _a9789380381282 | ||
| 040 | _coclc | ||
| 082 |
_a621.3824 _bMON/I |
||
| 100 |
_aMonzingo, Robert A _95686 |
||
| 245 | 0 |
_aIntroduction To Adaptive Arrays / _cRobert A Monzingo ; Randy L Haupt ; Thomas W Miller |
|
| 260 |
_bYes Dee Publishing Pvt Ltd, _c2012. _aChennai: |
||
| 300 | _a541p | ||
| 650 | _aMathematics | ||
| 942 |
_cBK _2ddc _h621.3824 _iMON/I _k621.3824 _mMON/I |
||